Longest reigning monarchs - Statistics

General Stats
  • This quiz has been taken 6 times
  • The average score is 5 of 10
Answer Stats
Rank Country Reign Monarch % Correct
10 Baden 73 years Karl Friedrich
80%
1 Swaziland 82 years Sobhuza II
60%
2 Lippe 81 years Bernhard VII
40%
8 Gondal state 74 years Bhagvatsing Sahib
40%
6 Palatinate-Sulzbach 75 years Christian August
40%
9 Schaumburg-Lippe 73 years Georg Wilhelm
40%
4 Reuss-Obergreiz 77 years Heinrich XI
40%
5 Tampin 76 years Idris ibni Muhammad al-Qadri
40%
7 Phaltan 74 years Mudhoji IV Rao Naik Nimbalkar
40%
3 Henneberg-Shleusingen 78 years William IV
40%
No matching quizzes found
Score Distribution
Percent of People with Each Score
Percentile by Number Answered
Your Score History
You have not taken this quiz